<?xml version="1.0" encoding="UTF-8"?>
<record
    xmlns:xsi="http://www.w3.org/2001/XMLSchema-instance"
    xsi:schemaLocation="http://www.loc.gov/MARC21/slim http://www.loc.gov/standards/marcxml/schema/MARC21slim.xsd"
    xmlns="http://www.loc.gov/MARC21/slim">

  <leader>01671cam a22003131  4500</leader>
  <controlfield tag="001">gs 13000115 </controlfield>
  <controlfield tag="003">DLC</controlfield>
  <controlfield tag="005">20260227111314.0</controlfield>
  <controlfield tag="008">770321s1912    dcuabf   b   f001 0 eng c</controlfield>
  <datafield tag="010" ind1=" " ind2=" ">
    <subfield code="a">gs 13000115 </subfield>
  </datafield>
  <datafield tag="035" ind1=" " ind2=" ">
    <subfield code="a">(OCoLC)2823459</subfield>
  </datafield>
  <datafield tag="040" ind1=" " ind2=" ">
    <subfield code="a">U. S. Geol. survey. Library</subfield>
    <subfield code="c">ODa</subfield>
    <subfield code="d">OCoLC</subfield>
    <subfield code="d">DLC</subfield>
  </datafield>
  <datafield tag="042" ind1=" " ind2=" ">
    <subfield code="a">premarc</subfield>
  </datafield>
  <datafield tag="050" ind1="0" ind2="0">
    <subfield code="a">TC801</subfield>
    <subfield code="b">.U2 no. 259</subfield>
  </datafield>
  <datafield tag="051" ind1=" " ind2=" ">
    <subfield code="a">GB1025.O3</subfield>
    <subfield code="b">F8</subfield>
  </datafield>
  <datafield tag="100" ind1="1" ind2=" ">
    <subfield code="a">Fuller, Myron L.</subfield>
  </datafield>
  <datafield tag="245" ind1="1" ind2="4">
    <subfield code="a">The underground waters of southwestern Ohio /</subfield>
    <subfield code="c">by M. L. Fuller and F. G. Clapp ; with a discussion of the chemical character of the waters by R. B. Dole.</subfield>
  </datafield>
  <datafield tag="260" ind1=" " ind2=" ">
    <subfield code="a">Washington :</subfield>
    <subfield code="b">Govt. print. off.,</subfield>
    <subfield code="c">1912.</subfield>
  </datafield>
  <datafield tag="300" ind1=" " ind2=" ">
    <subfield code="a">228 p., [6] leaves of plates :</subfield>
    <subfield code="b">ill., fold. maps, diagrs. ;</subfield>
    <subfield code="c">24 cm.</subfield>
  </datafield>
  <datafield tag="440" ind1=" " ind2="0">
    <subfield code="a">Geological Survey water-supply paper ;</subfield>
    <subfield code="v">259</subfield>
  </datafield>
  <datafield tag="500" ind1=" " ind2=" ">
    <subfield code="a">Includes index.</subfield>
  </datafield>
  <datafield tag="501" ind1=" " ind2=" ">
    <subfield code="a">TC801.U2 no. 259 with: Preliminary report on the ground waters of Estancia Valley, New Mexico / by Oscar E. Meinzer -- Surface water supply of the United States, 1909. Part I, North Atlantic Coast / by H.K. Barrows, C.C. Covert and R.H. Bolster -- Surface water supply of the United States, 1909. Part II, South Atlantic Coast and eastern Gulf of Mexico / by M.R. Hall and R.H. Bolster. Washington : Govt. print. off., 1910-1911.  Bound together subsequent to publication.</subfield>
    <subfield code="5">DLC</subfield>
  </datafield>
  <datafield tag="504" ind1=" " ind2=" ">
    <subfield code="a">Bibliography:  p. 16-17.</subfield>
  </datafield>
  <datafield tag="530" ind1=" " ind2=" ">
    <subfield code="a">Also available in digital form on the Internet Archive Web site.</subfield>
  </datafield>
  <datafield tag="650" ind1=" " ind2="0">
    <subfield code="a">Groundwater</subfield>
    <subfield code="z">Ohio.</subfield>
  </datafield>
  <datafield tag="700" ind1="1" ind2=" ">
    <subfield code="a">Clapp, Frederick G.</subfield>
    <subfield code="q">(Frederick Gardner),</subfield>
    <subfield code="d">1879-1944.</subfield>
  </datafield>
  <datafield tag="700" ind1="1" ind2=" ">
    <subfield code="a">Dole, Richard B.</subfield>
    <subfield code="q">(Richard Bryant),</subfield>
    <subfield code="d">1880-1917.</subfield>
  </datafield>
  <datafield tag="856" ind1="4" ind2="1">
    <subfield code="u">http://hdl.loc.gov/loc.gdc/scd0001.00199536539</subfield>
  </datafield>
  <datafield tag="999" ind1=" " ind2=" ">
    <subfield code="c">25238</subfield>
    <subfield code="d">25238</subfield>
  </datafield>
</record>
